| 000 | 00539ntaaa2200205 4500 | ||
|---|---|---|---|
| 003 | 01 | ||
| 005 | 20251027201850.0 | ||
| 008 | 0714s1973 ag 01 | ||
| 020 | _a0805463127 | ||
| 040 |
_aAR-BaBN _bspa _cAR-BaBN _eaacr _dRIC |
||
| 082 | _a266.0010 G55a | ||
| 100 |
_aGoerner, Henry Cornell _96042 |
||
| 245 | _aAll nations in God's purpose | ||
| 250 | _a1 ed. | ||
| 260 |
_aNashville : _bBroadman, _cc1979 |
||
| 300 |
_a167 p. ; _c19 cm |
||
| 650 |
_aMisiones-Base bíblica _96038 |
||
| 650 |
_amisiones-filosofía _917151 |
||
| 942 | _cBK | ||
| 999 |
_c13361 _d13361 |
||